Development and Implementation of E-learning Course by Using Knowledge Engineering and Software Engineering Methods

Užitočné a praktické kroky, metódy vývoja e-learningových kurzov, ich hlavné fázy. Analýza, návrh a implementácia tvorby e-learningových kurzov pomocou techník znalostného a softvérového inžinierstva.

Uložené v:
Podrobná bibliografia
Hlavný autor: Rakovská, Eva, 1963-
Ďalší autori: Kanáliková, Alžbeta, 1969-
Médium: Kapitola
Jazyk:English
Predmet:
Tagy: Pridať tag
Žiadne tagy, Buďte prvý, kto otaguje tento záznam!

MARC

LEADER 00000naa$a2200000$$$4500
001 0261503
005 20240502083751.2
041 0 |a eng 
044 |a CZ 
245 1 0 |a Development and Implementation of E-learning Course by Using Knowledge Engineering and Software Engineering Methods  |c Eva Rakovská, Alžbeta Kanáliková 
520 |a Užitočné a praktické kroky, metódy vývoja e-learningových kurzov, ich hlavné fázy. Analýza, návrh a implementácia tvorby e-learningových kurzov pomocou techník znalostného a softvérového inžinierstva. 
610 2 0 |a inžinierstvo znalostné 
610 2 0 |a softvér 
610 2 0 |a vyučovanie 
610 2 0 |a vzdelávanie elektronické 
610 2 0 |a kurzy 
100 1 |a Rakovská, Eva, 1963- 
700 1 |a Kanáliková, Alžbeta, 1969-